Explaining English Grammar

Библиографические подробности
Главный автор: Yule G. George
Примечания:This series is designed to provide a source of reference for both language teachers and teacher trainers. Each title is intended to serve both as a basis for courses and seminars, and as a longer-term reference text for the working teachers bookshelf Explaining English Grammar The aim or this book is to provide teachers with a fresh approach to thinking about English grammar. Each chapter focuses on a problematic area, for example 'Articles', 'Conditionals', and 'Direct and indirect speech'. First the basic grammatical form is described, and then the meaning distinctions conveyed by particular forms. The final section of each chapter shows how meaning can be shaped by context and communicative purpose. The book includes exercises, teaching ideas, and a glossary.
Язык:английский
Опубликовано: New York, Oxford University Press, 2000
Серии:Oxford Handbooks for Language Teachers
Предметы:
Формат: MixedMaterials Книга
Запись в KOHA:https://koha.lib.tpu.ru/cgi-bin/koha/opac-detail.pl?biblionumber=212351

MARC

LEADER 00000nam0a2200000 4500
001 212351
005 20231101225742.0
010 |a 0194371727 
035 |a (RuTPU)RU\TPU\book\231997 
090 |a 212351 
100 |a 20120326d2000 m y0engy50 ba 
101 0 |a eng 
102 |a GB 
105 |a a j 001zy 
200 1 |a Explaining English Grammar  |f G. Yule 
210 |a New York  |c Oxford University Press  |d 2000 
215 |a 333 p.  |c il. 
225 1 |a Oxford Handbooks for Language Teachers 
320 |a Bibliography: p. 308-321. 
320 |a Index: p. 329-333. 
330 |a This series is designed to provide a source of reference for both language teachers and teacher trainers. Each title is intended to serve both as a basis for courses and seminars, and as a longer-term reference text for the working teachers bookshelf Explaining English Grammar The aim or this book is to provide teachers with a fresh approach to thinking about English grammar. Each chapter focuses on a problematic area, for example 'Articles', 'Conditionals', and 'Direct and indirect speech'. First the basic grammatical form is described, and then the meaning distinctions conveyed by particular forms. The final section of each chapter shows how meaning can be shaped by context and communicative purpose. The book includes exercises, teaching ideas, and a glossary. 
606 1 |a Английский язык  |x Грамматика  |2 stltpush  |3 (RuTPU)RU\TPU\subj\29052  |9 52464 
606 1 |a Английский язык  |x Содержание и методика преподавания языка в высшей школе  |2 stltpush  |3 (RuTPU)RU\TPU\subj\29068  |9 52480 
610 1 |a грамматика 
610 1 |a грамматические значения 
610 1 |a грамматические категории 
610 1 |a грамматические нормы 
610 1 |a грамматические трудности 
610 1 |a грамматический анализ 
610 1 |a методика 
610 1 |a преподавание 
686 |a Ш143.21-91  |v LBC/SL-A  |2 rubbk 
700 1 |a Yule  |b G.  |g George 
801 1 |a RU  |b 63413507  |c 20120326 
801 2 |a RU  |b 63413507  |c 20150514  |g RCR 
942 |c BK